Histoire générale de la littérature française /

Guardado en:
Detalles Bibliográficos
Autor principal: Allain, Maurice (autor)
Otros autores: Descaves, M. Lucien (prefacio) (prefacio)
Formato: Libro
Idioma:Francés
Publicado: París, Francia : Librairie Aristide Quillet, 1922, c1922
Temas:
Etiquetas: Agrega una etiqueta
Sin etiquetas, Sé el primero en etiquetar este registro!

MARC

LEADER 00000nam^a2200000^a^4500
001 000307108
005 20250526000000.0
008 100910 19221922
009 20260310112836.976
025 |a Donación sin dato, 1 ejemplar 
037 |a Acervo ITESO - Biblioteca 
041 |a FRA 
082 |a 840. 944  |b ALL 
100 |a Allain, Maurice  |e (autor) 
245 1 0 |a Histoire générale de la littérature française /  |c M. Allain ; pref. de M.L. Descaves. 
264 4 |a París, Francia :  |b Librairie Aristide Quillet,  |c 1922, c1922 
300 |a 294 p. ;  |c 28.0 cm. 
336 |a texto  |b txt  |2 rdacontenido 
337 |a sin mediación  |b n  |2 rdamedio 
338 |a volumen  |b nc  |2 rdasoporte 
649 |a XX 
650 |a Literatura Francesa -  |x Historia y Crítica -  |x Tema Principal 
650 |a Francia -  |x Historia 
700 |a Descaves, M. Lucien  |e (prefacio) 
910 |a Fondo General 
920 |a Impresos - Libros 
930 |a Libros Antiguos y Raros 
940 |a Literatura 
905 |a 108 
901 |a 0500193301  |b IT2  |c LRA  |i D  |u 20250526 
902 |a https://opac.biblio.iteso.mx/vufind/Record/000307108